Alle Knochen des menschlichen Arms - Statistiken

Allgemein
  • Dieses Quiz wurde 33 mal gespielt
  • Das Durchschnittsergebnis liegt bei 5 aus 8
Antwortstatistiken
Antworten % Korrekt
Elle
96%
Speiche
93%
Fingerknochen
67%
Mittelhandknochen
59%
Oberarmknochen
59%
Handwurzelknochen
48%
Schulterblatt
48%
Schlüsselbein
44%
Keine übereinstimmenden Quizze gefunden
Verteilung der Resultate
Anzahl Personen mit jedem Resultat
Perzentil nach korrekt beantworteten Fragen
Ihre Resultats-Entwicklung
Sie haben dieses Quiz noch nicht gespielt